Financial accounting, volume two/ (Record no. 3371)

MARC details
000 -LEADER
fixed length control field 00682nam a22002177a 4500
003 - CONTROL NUMBER IDENTIFIER
control field OSt
005 - DATE AND TIME OF LATEST TRANSACTION
control field 20250703065913.0
008 - FIXED-LENGTH DATA ELEMENTS--GENERAL INFORMATION
fixed length control field 250703b |||||||| |||| 00| 0 eng d
020 ## - INTERNATIONAL STANDARD BOOK NUMBER
International Standard Book Number 97862144160488
040 ## - CATALOGING SOURCE
Original cataloging agency DWCL - Main lib
Transcribing agency OC
082 ## - DEWEY DECIMAL CLASSIFICATION NUMBER
Classification number Fil. 657.3 V173f 2019
100 ## - MAIN ENTRY--PERSONAL NAME
Personal name Valix, Conrado T.
245 ## - TITLE STATEMENT
Title Financial accounting, volume two/
Statement of responsibility, etc. Conrado T. Valix
250 ## - EDITION STATEMENT
Edition statement 2019 revised edition.
260 ## - PUBLICATION, DISTRIBUTION, ETC.
Place of publication, distribution, etc. Manila :
Name of publisher, distributor, etc. GIC Enterprises & Co.,
Date of publication, distribution, etc. c2019.
300 ## - PHYSICAL DESCRIPTION
Extent 1198 pages :
Other physical details illustrations ;
Dimensions 23 cm.
650 ## - SUBJECT ADDED ENTRY--TOPICAL TERM
Topical term or geographic name entry element 1. Accounting.
700 ## - ADDED ENTRY--PERSONAL NAME
Personal name Jose F. Peralta
700 ## - ADDED ENTRY--PERSONAL NAME
Personal name Christian Aris M. Valix
942 ## - ADDED ENTRY ELEMENTS (KOHA)
Source of classification or shelving scheme Dewey Decimal Classification
Koha item type Book-Filipiniana
Edition 2019 revised edition.
Call number prefix Fil.
Suppress in OPAC No
952 ## - LOCATION AND ITEM INFORMATION (KOHA)
--
952 ## - LOCATION AND ITEM INFORMATION (KOHA)
--
952 ## - LOCATION AND ITEM INFORMATION (KOHA)
--
Holdings
Withdrawn status Lost status Source of classification or shelving scheme Damaged status Not for loan Home library Current library Shelving location Date acquired Source of acquisition Cost, normal purchase price Total Checkouts Full call number Barcode Date last seen Copy number Price effective from Koha item type Uniform Resource Identifier
    Dewey Decimal Classification     College Library College Library Filipiniana 08/01/2018 School Fund 550.00   Fil. 657.3 V173f 2019 51867 07/03/2025 c3 07/03/2025 BK - FIL
    Dewey Decimal Classification     College Library College Library Filipiniana 08/01/2018 School Fund 550.00   Fil. 657.3 V173f 2019 51866 07/03/2025 c2 07/03/2025 BK - FIL
    Dewey Decimal Classification     College Library College Library Filipiniana 08/01/2018 School Fund 550.00   Fil. 657.3 V173f 2019 51865 07/03/2025 c1 07/03/2025 BK - FIL